000 00330nam a22001457a 4500
008 210511b ||||| |||| 00| 0 eng d
020 _a9781284032765
041 _aeng
080 _27th
_a610.73
082 _a610.73
100 _a1
101 _aINF
245 _aPHTLS Prehospital Trauma Life Support
_cCT
942 _2udc
_cBK
999 _c57173
_d57173